[Event "Tournoi Skype 028A"]
[Site "Skype"]
[Date "????.??.??"]
[Round "7.17"]
[White "Saponara, Jose Maria"]
[Black "Mishra, Sourabh"]
[Result "1-0"]
[WhiteElo "1524"]
[BlackElo "1610"]
[PlyCount "65"]

1. e4 c5 2. Nf3 Nc6 3. d3 d6 4. g3 Bg4 5. Bg2 Nf6 6. Nbd2 g6 7. O-O Bg7 8. c3
Ne5 9. Qe2 O-O 10. h3 Nxf3+ 11. Nxf3 Bd7 12. d4 cxd4 13. cxd4 a6 14. Bd2 Bb5
15. Qe3 Bxf1 16. Bxf1 Rc8 17. Bd3 Qd7 18. Kg2 h5 19. Qe2 b5 20. a3 Rfe8 21. Bf4
Rcd8 22. Rd1 Nh7 23. Bc2 Rc8 24. Bb3 Rc7 25. e5 d5 26. e6 fxe6 27. Bxc7 Qxc7
28. Qxe6+ Kh8 29. Bxd5 Nf6 30. Bb3 Rf8 31. Ng5 Nd7 32. Qxg6 Rxf2+ 33. Kxf2 1-0

[Event "Tournoi Skype 028A"]
[Site "Skype"]
[Date "????.??.??"]
[Round "7.19"]
[White "Mitrani, Alberto"]
[Black "Serrano Serrano, Samuel"]
[Result "0-1"]
[WhiteElo "1482"]
[BlackElo "1600"]
[PlyCount "54"]

1. c4 Nf6 2. Nf3 g6 3. g3 Bg7 4. Bg2 e6 5. Nc3 d5 6. O-O c6 7. d3 O-O 8. Rb1
Nbd7 9. b4 Nb6 10. a4 d4 11. Na2 Ne8 12. Ba3 Nd7 13. b5 c5 14. Qd2 e5 15. Nc1
f5 16. a5 e4 17. dxe4 fxe4 18. Ng5 e3 19. fxe3 Qxg5 20. Bd5+ Kh8 21. Rxf8+ Bxf8
22. Rb3 Bh6 23. Bxc5 Nxc5 24. Qxd4+ Nf6 25. Qxc5 Bh3 26. Rd3 Rc8 27. Qxa7 Nxd5
0-1

[Event "Tournoi Skype 028A"]
[Site "Skype"]
[Date "????.??.??"]
[Round "7.21"]
[White "Alvarez, Juan Evangelista"]
[Black "Perrone, Gabriel Lorenzo"]
[Result "1/2-1/2"]
[WhiteElo "1575"]
[BlackElo "1377"]
[PlyCount "41"]

1. d4 Nf6 2. Bf4 d5 3. Nf3 Bf5 4. e3 e6 5. Bd3 Bxd3 6. Qxd3 c5 7. Qb5+ Qd7 8.
Qxd7+ Nbxd7 9. Ne5 cxd4 10. Nxd7 Nxd7 11. exd4 Be7 12. h4 b5 13. Nd2 Rc8 14. c3
b4 15. Rc1 bxc3 16. Rxc3 O-O 17. g4 Rxc3 18. bxc3 Rc8 19. Rh3 Nf6 20. Bg5 h6
21. Bxf6 1/2-1/2

[Event "Tournoi Skype 028A"]
[Site "Skype"]
[Date "????.??.??"]
[Round "7.23"]
[White "Cayo, Ana Carolina"]
[Black "Hurtado De Mendoza, Ramon Miguel"]
[Result "1-0"]
[WhiteElo "1214"]
[BlackElo "1549"]
[PlyCount "102"]

1. d4 Nf6 2. Nf3 e6 3. Bf4 d5 4. e3 Bd6 5. Bg3 O-O 6. Bd3 c5 7. c3 Qc7 8. Nbd2
Nbd7 9. Bxd6 Qxd6 10. O-O b6 11. e4 cxd4 12. cxd4 dxe4 13. Nxe4 Qe7 14. Rc1 Nd5
15. Nc3 N7f6 16. Nxd5 Nxd5 17. Ne5 Bb7 18. Qh5 h6 19. f4 Nf6 20. Qh4 Qd6 21. f5
Be4 22. Qf2 exf5 23. Bxe4 Nxe4 24. Qxf5 Qxd4+ 25. Kh1 Nf6 26. Rc2 Rac8 27. Nc6
Qd6 28. Rfc1 Rc7 29. h3 Re8 30. b4 Ne4 31. Kg1 Ng3 32. Qf3 Ne2+ 33. Rxe2 Rxe2
34. Qxe2 Rxc6 35. Qe8+ Kh7 36. Qxc6 Qxb4 37. Qc2+ g6 38. Qc7 Qd4+ 39. Kh1 Qf6
40. Qxa7 b5 41. Qc5 Qb2 42. Qc3 Qxa2 43. Re1 Qd5 44. Re8 Qd1+ 45. Kh2 Qd6+ 46.
g3 g5 47. Rh8+ Kg6 48. Qc2+ f5 49. Rg8+ Kh5 50. Qe2+ g4 51. hxg4+ fxg4 1-0

[Event "Tournoi Skype 028A"]
[Site "Skype"]
[Date "????.??.??"]
[Round "7.24"]
[White "Grib, Johannes"]
[Black "Zequeda, Javier"]
[Result "0-1"]
[WhiteElo "1542"]
[BlackElo "1183"]
[PlyCount "40"]

1. e4 e5 2. Nf3 Nc6 3. Bc4 Be7 4. c3 Nf6 5. O-O O-O 6. d3 d5 7. exd5 Nxd5 8. a3
Bf5 9. Nbd2 Nf6 10. Re1 e4 11. Ng5 Bg4 12. Qb3 Ne5 13. Nxf7 Nxf7 14. dxe4 Qe8
15. e5 Nd7 16. e6 Nc5 17. exf7+ Rxf7 18. Bxf7+ Qxf7 19. Qb4 Nd3 20. Qxe7 Qxf2+
0-1

[Event "Tournoi Skype 028A"]
[Site "Skype"]
[Date "????.??.??"]
[Round "7.25"]
[White "Casey, Eamonn"]
[Black "Gokcek, Cagri"]
[Result "1-0"]
[WhiteElo "1538"]
[BlackElo "1320"]
[PlyCount "63"]

1. d4 d5 2. c4 e5 3. dxe5 d4 4. Nf3 Nc6 5. e3 Bg4 6. Be2 Bb4+ 7. Bd2 d3 8. Bxb4
dxe2 9. Qxd8+ Rxd8 10. Bd2 Nb4 11. Na3 Nd3+ 12. Kxe2 Nxe5 13. Bc3 Nxf3 14. gxf3
Bxf3+ 15. Kxf3 Nf6 16. Bxf6 gxf6 17. Rhd1 c6 18. Rxd8+ Kxd8 19. Rd1+ Ke7 20. c5
Rd8 21. Rxd8 Kxd8 22. Nc4 Kc7 23. Nd6 b5 24. cxb6+ axb6 25. Ne8+ Kd7 26. Nxf6+
Ke6 27. Nxh7 Kd5 28. b3 c5 29. Ng5 f6 30. Ne4 f5 31. Ng3 Ke5 32. h4 1-0

[Event "Tournoi Skype 028A"]
[Site "Skype"]
[Date "????.??.??"]
[Round "7.26"]
[White "Carballo, Jorge"]
[Black "Legueltel, Daniel"]
[Result "0-1"]
[WhiteElo "1367"]
[BlackElo "1753"]
[PlyCount "106"]

1. e4 e5 2. Nf3 Nf6 3. Nc3 d6 4. Bc4 Be7 5. d3 Bg4 6. Bg5 O-O 7. Bxf6 Bxf6 8.
O-O Nc6 9. Nd5 Nd4 10. c3 Nxf3+ 11. gxf3 Bh5 12. Ne3 Bg5 13. Nf5 Qf6 14. d4 g6
15. dxe5 dxe5 16. Ng3 Bxf3 17. Be2 Bxe2 18. Qxe2 Rad8 19. Rad1 Rxd1 20. Rxd1
Rd8 21. Rxd8+ Qxd8 22. Qg4 h5 23. Qf3 Qd2 24. Qe2 Qc1+ 25. Kg2 Bf4 26. h4 c6
27. c4 a6 28. b3 Qc3 29. Qf3 Qb4 30. Qd3 a5 31. Ne2 Qd2 32. Qxd2 Bxd2 33. Kf3
Kf8 34. Ng1 b6 35. Ke2 Bb4 36. Nf3 f6 37. Ng1 Kf7 38. Kf3 Ke6 39. Ne2 f5 40.
Nc1 Be7 41. exf5+ gxf5 42. Kg3 f4+ 43. Kh3 e4 44. Ne2 Ke5 45. Nc3 e3 46. fxe3
fxe3 47. Kg3 Kd4 48. Ne2+ Kd3 49. Kf3 Bxh4 50. Nf4+ Kd2 51. Ne2 Bf2 52. Nf4 h4
53. Nh3 e2 0-1

[Event "Tournoi Skype 028A"]
[Site "Skype"]
[Date "????.??.??"]
[Round "7.27"]
[White "Lovell, Stan"]
[Black "Engstrom, Olle"]
[Result "0-1"]
[WhiteElo "1651"]
[BlackElo "1463"]
[PlyCount "40"]

1. d4 g6 2. Nf3 Bg7 3. Bf4 d6 4. Nc3 Nd7 5. e3 Ngf6 6. Be2 O-O 7. Qd2 Nh5 8.
Bg5 h6 9. Bh4 c5 10. Rd1 Nhf6 11. O-O a6 12. a4 Rb8 13. Bg3 Re8 14. h4 Qa5 15.
b3 b5 16. axb5 axb5 17. Ra1 Qb4 18. Nxb5 Rxb5 19. c3 Qxb3 20. Bc4 Qxc4 0-1

[Event "Tournoi Skype 028A"]
[Site "Skype"]
[Date "????.??.??"]
[Round "7.29"]
[White "Abate, Leonardo"]
[Black "Vasquez, Oscar"]
[Result "1-0"]
[WhiteElo "1342"]
[BlackElo "1585"]
[PlyCount "63"]

1. d4 Nf6 2. c4 e6 3. Nf3 d5 4. cxd5 Nxd5 5. e4 Bb4+ 6. Bd2 Bxd2+ 7. Qxd2 Nb6
8. Bd3 O-O 9. O-O N8d7 10. Nc3 c6 11. Rac1 Qe7 12. Rfe1 Re8 13. e5 h6 14. Ne4
Nf8 15. Nd6 Rd8 16. Re4 Rb8 17. Rg4 Kh8 18. Qf4 Rd7 19. b4 Nd5 20. Qd2 Nc7 21.
Rh4 Ne8 22. Ne4 f6 23. Nc5 Rd8 24. Re1 b6 25. Ne4 Bb7 26. exf6 Nxf6 27. Qb2 Ng6
28. Bc2 Nxh4 29. Nxh4 Kg8 30. Bb3 Nxe4 31. Rxe4 Rd6 32. Nf5 1-0

[Event "Tournoi Skype 028A"]
[Site "Skype"]
[Date "????.??.??"]
[Round "7.30"]
[White "Khetre, Gaurav"]
[Black "Khunte, Aniruddha"]
[Result "1/2-1/2"]
[WhiteElo "1540"]
[BlackElo "1174"]
[PlyCount "45"]

1. e4 e5 2. Nf3 Nc6 3. Bb5 a6 4. Ba4 Nf6 5. O-O b5 6. Bb3 Be7 7. Re1 O-O 8. c3
Na5 9. Bc2 Nc6 10. d4 d6 11. d5 Na5 12. Nbd2 Bg4 13. b3 c6 14. c4 Rc8 15. Bb2
h6 16. h3 Bh5 17. Rc1 bxc4 18. bxc4 cxd5 19. cxd5 Nc4 20. Nxc4 Rxc4 21. Bd3
Rxc1 22. Qxc1 Qb6 23. Nd2 1/2-1/2

[Event "Tournoi Skype 028A"]
[Site "Skype"]
[Date "????.??.??"]
[Round "7.31"]
[White "Vilas Boas, Crisolon Terto"]
[Black "Leyton Calderon, Jairo Oswaldo"]
[Result "0-1"]
[WhiteElo "1488"]
[BlackElo "1526"]
[PlyCount "75"]

1. d4 Nf6 2. f4 g6 3. c4 Bg7 4. b4 O-O 5. Nc3 d6 6. e4 e5 7. d5 exf4 8. Bxf4
Nh5 9. Bd2 f5 10. Be2 Nf6 11. Bg5 h6 12. Bxf6 Qxf6 13. Rc1 fxe4 14. Nxe4 Qh4+
15. Ng3 Be5 16. Nf3 Bxg3+ 17. hxg3 Qxh1+ 18. Kd2 Qxd1+ 19. Rxd1 Bg4 20. Nd4
Bxe2 21. Nxe2 Nd7 22. Nf4 Rae8 23. Kc3 Re3+ 24. Kd4 Rxg3 25. Ne6 Rg4+ 26. Kc3
Rf2 27. Nxc7 Rfxg2 28. Rd3 R2g3 29. Nb5 Rxd3+ 30. Kxd3 Ne5+ 31. Ke3 Nxc4+ 32.
Kf3 Ne5+ 33. Ke3 Nc4+ 34. Kf3 h5 35. Nxa7 Rd4 36. Nc8 Kf7 37. a4 Rxd5 38. a5
0-1

[Event "Tournoi Skype 028A"]
[Site "Skype"]
[Date "????.??.??"]
[Round "7.32"]
[White "Zenini, Simone"]
[Black "Pasasin, Alejandro"]
[Result "1-0"]
[WhiteElo "1489"]
[BlackElo "1329"]
[PlyCount "79"]

1. e4 c5 2. Nf3 d6 3. d4 cxd4 4. Qxd4 a6 5. Be2 e5 6. Qd3 Nf6 7. Nc3 Be6 8. Ng5
Bd7 9. Qc4 Qe7 10. Qc7 Bc6 11. Qc8+ Qd8 12. Qxd8+ Kxd8 13. Nxf7+ Kc7 14. Nxh8
Nxe4 15. O-O Nd7 16. Nxe4 Bxe4 17. c3 d5 18. Nf7 h6 19. f4 Bc5+ 20. Kh1 Re8 21.
fxe5 Bg6 22. e6 Rxe6 23. Bf4+ Kc8 24. Nh8 Be4 25. Bg4 Rf6 26. Bg3 Be7 27. Rxf6
Bxf6 28. Re1 b5 29. Nf7 a5 30. Nd6+ Kd8 31. Nxe4 dxe4 32. Rxe4 Nc5 33. Re2 g6
34. Be5 Bg5 35. b4 axb4 36. cxb4 Nd3 37. Bd6 h5 38. Bf3 Kd7 39. Bc5 Bf6 40. Rd2
1-0

[Event "Tournoi Skype 028A"]
[Site "Skype"]
[Date "????.??.??"]
[Round "7.33"]
[White "Mulrooney, Justin"]
[Black "L'Herbon De Lussats, Jean"]
[Result "0-1"]
[WhiteElo "1626"]
[BlackElo "1272"]
[PlyCount "61"]

1. e4 c5 2. Nc3 d6 3. f4 Nc6 4. Bb5 Bd7 5. Nf3 g6 6. O-O Bg7 7. d3 Nd4 8. Bxd7+
Qxd7 9. Be3 e6 10. Rb1 a5 11. Ne2 Nxf3+ 12. Rxf3 Ne7 13. c3 O-O 14. Qe1 Nc6 15.
Qh4 f5 16. e5 dxe5 17. Bxc5 Rf7 18. Rff1 Qxd3 19. Qf2 e4 20. Rfd1 Qb5 21. b4 b6
22. Bxb6 axb4 23. Bd4 Rxa2 24. Bxg7 Kxg7 25. Nd4 Qc4 26. Qe3 bxc3 27. Nxc6 Qxc6
28. Rdc1 Rc7 29. Qd4+ Kf7 30. Rb3 e3 31. Qh8 0-1

[Event "Tournoi Skype 028A"]
[Site "Skype"]
[Date "????.??.??"]
[Round "7.34"]
[White "Galani, Mahendra"]
[Black "Ortiz, Vladimir"]
[Result "1-0"]
[WhiteElo "1526"]
[BlackElo "1419"]
[PlyCount "117"]

1. c3 c6 2. e4 e6 3. d4 d5 4. exd5 exd5 5. Qe2+ Qe7 6. Be3 Nf6 7. h3 Be6 8. Nf3
Nbd7 9. Qc2 Ne4 10. Bd3 Ndf6 11. O-O h6 12. Nfd2 Bf5 13. Nxe4 Bxe4 14. Bxe4
Qxe4 15. Qb3 O-O-O 16. Nd2 Qg6 17. a4 Bd6 18. a5 a6 19. Rfc1 Nh5 20. Nf3 Bf4
21. c4 Bxe3 22. Qxe3 Rhe8 23. Ne5 Qe6 24. Qf3 f6 25. Nd3 dxc4 26. Nc5 Qd5 27.
Qg4+ Kb8 28. Rd1 Rd7 29. Nxd7+ Kc7 30. Nc5 Qf7 31. d5 cxd5 32. Qd4 Rd8 33. Na4
Rd6 34. Qc5+ Rc6 35. Qb4 Nf4 36. Re1 Re6 37. Qc5+ Kd8 38. Rxe6 Qxe6 39. Qf8+
Qe8 40. Qd6+ Qd7 41. Qxf4 Qe6 42. Qb8+ Qc8 43. Qd6+ Qd7 44. Qg3 d4 45. Nb6 Qc6
46. Qb8+ Ke7 47. Re1+ Kf7 48. Qd8 d3 49. Qe7+ Kg6 50. Qe3 Kf7 51. Qd4 Kg6 52.
Nxc4 d2 53. Nxd2 Qc7 54. Qg4+ Kf7 55. Qh5+ Kg8 56. Nf3 Qd8 57. Re8+ Qxe8 58.
Qxe8+ Kh7 59. Nh4 1-0

[Event "Tournoi Skype 028A"]
[Site "Skype"]
[Date "????.??.??"]
[Round "7.35"]
[White "Chavero, Victor"]
[Black "Pouteau, Pascal"]
[Result "1-0"]
[WhiteElo "1283"]
[BlackElo "1345"]
[PlyCount "67"]

1. d4 d5 2. Nc3 Nf6 3. Bf4 c6 4. Bg3 Bf5 5. Nf3 Nbd7 6. e3 Qb6 7. Qc1 e6 8. Be2
Be7 9. h3 Rc8 10. a4 Bb4 11. Nh4 Ne4 12. Nxf5 exf5 13. a5 Bxa5 14. O-O Nxc3 15.
bxc3 Bxc3 16. Rb1 Qa5 17. Rxb7 Nf6 18. Bd6 Ne4 19. Be7 f6 20. Kh2 c5 21. Bb5+
Kf7 22. Bd8+ Rc7 23. Rxc7+ Kg6 24. Rxg7+ Kxg7 25. Bxa5 Bxa5 26. Qb2 Rb8 27. Ra1
Bc3 28. Rxa7+ Kg6 29. Qa3 Rxb5 30. f3 Bb4 31. Qa6 Ra5 32. Qb7 Rxa7 33. Qxa7 Nd6
34. dxc5 1-0

[Event "Tournoi Skype 028A"]
[Site "Skype"]
[Date "????.??.??"]
[Round "7.36"]
[White "Davis, Michael"]
[Black "Aceituno, Stebe"]
[Result "1/2-1/2"]
[WhiteElo "1530"]
[BlackElo "1400"]
[PlyCount "80"]

1. e4 c5 2. Nf3 d6 3. c3 Nf6 4. Bc4 e6 5. d3 Be7 6. O-O O-O 7. Nbd2 a6 8. d4 b5
9. e5 dxe5 10. dxe5 bxc4 11. exf6 Bxf6 12. Nxc4 Qxd1 13. Rxd1 Bb7 14. Nb6 Bxf3
15. gxf3 Ra7 16. Be3 Rc7 17. Bf4 Rc6 18. Nd7 Nxd7 19. Rxd7 Rb6 20. Bd6 Re8 21.
Bxc5 Rxb2 22. Bb4 Rxb4 23. cxb4 Bxa1 24. Ra7 Bc3 25. a3 h6 26. Rxa6 Rb8 27. Kg2
Bxb4 28. axb4 Rxb4 29. h3 g5 30. Rc6 Kg7 31. Rc5 Rd4 32. Ra5 h5 33. Rxg5+ Kh6
34. Re5 Kg6 35. Kg3 h4+ 36. Kg2 Rd5 37. f4 Rxe5 38. fxe5 Kf5 39. Kf3 Kxe5 40.
Kg4 Kf6 1/2-1/2

[Event "Tournoi Skype 028A"]
[Site "Skype"]
[Date "????.??.??"]
[Round "7.37"]
[White "Morelli, Daniel"]
[Black "Sauvaget, Joel"]
[Result "1/2-1/2"]
[WhiteElo "1370"]
[BlackElo "1290"]
[PlyCount "40"]

1. e4 e5 2. Nf3 d6 3. d4 exd4 4. Nxd4 Nf6 5. Nc3 a6 6. Nf3 Be7 7. Be2 O-O 8.
Bf4 Nbd7 9. O-O Nh5 10. Be3 Nhf6 11. Qd2 Re8 12. Bd3 Bf8 13. h3 h6 14. Rad1 Ne5
15. Nxe5 Rxe5 16. Rfe1 Bd7 17. Bd4 Re8 18. e5 dxe5 19. Bxe5 Bc6 20. Bxf6 Qxf6
1/2-1/2

[Event "Tournoi Skype 028A"]
[Site "Skype"]
[Date "????.??.??"]
[Round "7.39"]
[White "Le Brun, Yves"]
[Black "Ramirez Reina, Orlando"]
[Result "1/2-1/2"]
[WhiteElo "1338"]
[BlackElo "1385"]
[PlyCount "115"]

1. d4 d5 2. Bf4 Nf6 3. Nf3 e6 4. e3 c5 5. c3 Nc6 6. Bd3 c4 7. Bc2 Bd6 8. Nbd2
Bxf4 9. exf4 b5 10. Ne5 Qc7 11. h3 h6 12. Qe2 Bb7 13. g3 a6 14. O-O O-O 15.
Rfc1 Rfc8 16. Ndf3 a5 17. Nxc6 Bxc6 18. Ne5 Qb7 19. a3 b4 20. Bd1 bxc3 21. bxc3
Ne4 22. Qc2 Rab8 23. Rab1 Qc7 24. Kg2 a4 25. f3 Nf6 26. g4 Rb3 27. f5 Rcb8 28.
fxe6 fxe6 29. Qa2 Rxb1 30. Rxb1 Rxb1 31. Qxb1 Qb7 32. Qxb7 Bxb7 33. Bxa4 Bc8
34. Bb5 g5 35. Kg3 Kg7 36. h4 Nh7 37. h5 Nf8 38. a4 Kf6 39. a5 Ke7 40. a6 Kd8
41. a7 Bb7 42. Bc6 Kc7 43. a8=Q Bxa8 44. Bxa8 Kb6 45. Kf2 Kc7 46. Bc6 Kb8 47.
Nf7 Kc7 48. Ba4 Nd7 49. Nxh6 e5 50. Bxd7 exd4 51. Ba4 dxc3 52. Ke3 Kd6 53. Kd4
c2 54. Bxc2 Ke6 55. Nf5 Kf6 56. Ne3 Ke6 57. Nxd5 Kf7 58. h6 1/2-1/2

[Event "Tournoi Skype 028A"]
[Site "Skype"]
[Date "????.??.??"]
[Round "8.1"]
[White "Figueroa, Tomas"]
[Black "Mayor Martinez, Juan Jose"]
[Result "1/2-1/2"]
[WhiteElo "2093"]
[BlackElo "1768"]
[PlyCount "161"]

1. d4 d5 2. c4 c6 3. Nc3 Nf6 4. Nf3 Nbd7 5. Bg5 e6 6. e3 h6 7. Bh4 Qc7 8. Bd3
g5 9. Bg3 Bd6 10. Qc2 b6 11. cxd5 exd5 12. Nb5 cxb5 13. Qxc7 Bxc7 14. Bxc7 Ba6
15. Bd6 Ne4 16. Bb4 Nb8 17. Rc1 f6 18. a4 bxa4 19. Bc2 Bb5 20. Nd2 Nxd2 21.
Bg6+ Kd8 22. Kxd2 Nc6 23. Bc3 Kd7 24. Bf5+ Kd6 25. Ra1 Bc4 26. Rxa4 b5 27. Ra6
Kc7 28. b4 Rhb8 29. h4 Kb7 30. Raa1 Rh8 31. hxg5 hxg5 32. Kc2 Kb6 33. Bh7 a5
34. bxa5+ Nxa5 35. Kb2 Nc6 36. Rxa8 Rxa8 37. Bb1 Rf8 38. Rh7 b4 39. Bd2 b3 40.
Bc3 Kb5 41. e4 Na5 42. Ra7 Nc6 43. Rb7+ Ka6 44. Rd7 Rd8 45. Rf7 Rd6 46. e5 fxe5
47. dxe5 d4 48. Bd2 Nxe5 49. Rf5 Nc6 50. Rxg5 Kb6 51. Be4 Re6 52. f3 Re8 53.
Rg6 Rc8 54. g4 Kb5 55. Rg5+ Kb6 56. Rg6 Kc5 57. f4 Nb4 58. Rg5+ Nd5 59. Re5 Ra8
60. Bb1 Kd6 61. Re4 Kc5 62. g5 Rh8 63. Re5 Rh2 64. Kc1 Kd6 65. Re8 Rh1+ 66. Kb2
Rd1 67. Rd8+ Ke7 68. Rxd5 Bxd5 69. Bb4+ Kf7 70. f5 d3 71. Bc3 Bc4 72. g6+ Kg8
73. f6 d2 74. f7+ Bxf7 75. gxf7+ Kxf7 76. Bd3 Ke7 77. Bb4+ Kf6 78. Bc3+ Kg5 79.
Be2 Rh1 80. Bxd2+ Kf5 81. Kxb3 1/2-1/2

[Event "Tournoi Skype 028A"]
[Site "Skype"]
[Date "????.??.??"]
[Round "8.2"]
[White "Deville, Olivier"]
[Black "Sanchez Ruiz, Piedad Esmeralda"]
[Result "1-0"]
[WhiteElo "1823"]
[BlackElo "1721"]
[PlyCount "83"]

1. d4 d5 2. c4 e6 3. Nf3 Nf6 4. g3 Be7 5. Bg2 O-O 6. O-O Nbd7 7. Qc2 c6 8. Nbd2
b6 9. e4 Ba6 10. e5 Ne8 11. Qa4 Bb7 12. cxd5 cxd5 13. Re1 a6 14. Bf1 Nc7 15.
Bd3 f5 16. exf6 Nxf6 17. Ng5 Bc8 18. Nf1 h6 19. Nf3 Ne4 20. Bxe4 dxe4 21. Ne5
b5 22. Qd1 Bb7 23. Be3 Nd5 24. Qg4 Rf6 25. Qxe4 Nxe3 26. Qxb7 Nc2 27. Nc6 Qf8
28. Qxe7 Nxa1 29. Rxa1 Rxf2 30. Qxe6+ Qf7 31. Qxf7+ Rxf7 32. d5 Rd7 33. Rd1 Re8
34. Rd3 Re2 35. Ne3 Rxb2 36. d6 Rb1+ 37. Kg2 Rc1 38. Ne5 Rd8 39. d7 Rc5 40. Nd5
b4 41. Ne7+ Kf8 42. N7c6 1-0

[Event "Tournoi Skype 028A"]
[Site "Skype"]
[Date "????.??.??"]
[Round "8.3"]
[White "Montalvo, Mario"]
[Black "Sanchez Ruiz, Justo"]
[Result "1-0"]
[WhiteElo "1811"]
[BlackElo "1547"]
[PlyCount "69"]

1. d4 f5 2. Nc3 Nf6 3. Bf4 e6 4. g4 fxg4 5. e4 g6 6. h3 Nh5 7. Bh2 g3 8. fxg3
c5 9. Be2 Qg5 10. Nf3 Qh6 11. g4 Ng7 12. d5 Be7 13. dxe6 Nxe6 14. Bg3 Nc6 15.
Nd5 Bd8 16. h4 Qg7 17. c3 O-O 18. Qd2 a5 19. O-O-O a4 20. Rdf1 a3 21. b3 Na5
22. Be5 Nxb3+ 23. axb3 a2 24. Kb2 Qf7 25. Ka1 Qe8 26. Ng5 Rxf1+ 27. Rxf1 Nxg5
28. hxg5 Qxe5 29. Nf6+ Bxf6 30. gxf6 Kf8 31. Qh6+ Ke8 32. f7+ Kd8 33. f8=Q+ Kc7
34. Qhg7 Qxe4 35. Qf4+ 1-0

[Event "Tournoi Skype 028A"]
[Site "Skype"]
[Date "????.??.??"]
[Round "8.4"]
[White "Zendeboodi, Fariba"]
[Black "Trivedi, Viral"]
[Result "0-1"]
[WhiteElo "1468"]
[BlackElo "1230"]
[PlyCount "80"]

1. d4 Nf6 2. Bf4 g6 3. Nc3 Bg7 4. e4 d6 5. Qd2 O-O 6. O-O-O c5 7. dxc5 Qa5 8.
Kb1 Qxc5 9. Be3 Qa5 10. f3 Be6 11. Nge2 Nc6 12. Bh6 Rac8 13. Bxg7 Kxg7 14. h4
Ne5 15. Nd4 Nc4 16. Nxe6+ fxe6 17. Bxc4 Rxc4 18. Rhe1 Rfc8 19. Re3 e5 20. g4 b5
21. a3 b4 22. axb4 Qxb4 23. Rd3 Rb8 24. b3 a5 25. h5 a4 26. h6+ Kf7 27. Na2 Qb7
28. b4 Rbc8 29. Rc1 Nd7 30. Ra3 Nc5 31. Qd5+ Qxd5 32. exd5 Rb8 33. Ka1 Nd7 34.
Rxa4 Nb6 35. Ra5 Rf4 36. Rf1 Nc4 37. Ra7 Nd2 38. Rf2 Nxf3 39. Kb2 e4 40. Rc7
Rxg4 0-1

[Event "Tournoi Skype 028A"]
[Site "Skype"]
[Date "????.??.??"]
[Round "8.5"]
[White "Ibarra Cantu, Raul Alberto"]
[Black "Grosso, Raul"]
[Result "1/2-1/2"]
[WhiteElo "1967"]
[BlackElo "1746"]
[PlyCount "60"]

1. e4 c5 2. Nf3 g6 3. d4 cxd4 4. Nxd4 Bg7 5. c4 Nf6 6. Nc3 Nc6 7. Be3 d6 8. Be2
Nxd4 9. Bxd4 O-O 10. O-O b6 11. f3 Bb7 12. Qd2 Rc8 13. Rac1 Qc7 14. b3 Rfd8 15.
Be3 Bc6 16. Bg5 Qd7 17. Rfd1 Qe8 18. a4 a5 19. Bxf6 Bxf6 20. Qe3 Rb8 21. Nd5
Bxd5 22. cxd5 Bb2 23. Bb5 Qf8 24. Rc4 Ba3 25. Qc3 Bc5+ 26. Kh1 Qg7 27. Qxg7+
Kxg7 28. f4 f6 29. g3 Rb7 30. Kg2 Rf8 1/2-1/2

[Event "Tournoi Skype 028A"]
[Site "Skype"]
[Date "????.??.??"]
[Round "8.6"]
[White "Rico Hernandez, Edgar"]
[Black "Benson, Paul"]
[Result "1/2-1/2"]
[WhiteElo "1772"]
[BlackElo "1839"]
[PlyCount "45"]

1. d4 f5 2. c4 Nf6 3. Nc3 d6 4. Nf3 g6 5. e3 Bg7 6. Bd3 O-O 7. O-O Nh5 8. Qc2
Nc6 9. a3 e5 10. dxe5 dxe5 11. Rd1 h6 12. Be2 Qe7 13. Nd5 Qf7 14. Bd2 f4 15. e4
Nf6 16. Bc3 Nxe4 17. Nxe5 Nxe5 18. Qxe4 c6 19. Nb4 f3 20. gxf3 Nxf3+ 21. Bxf3
Bxc3 22. bxc3 Qxf3 23. Qxg6+ 1/2-1/2

[Event "Tournoi Skype 028A"]
[Site "Skype"]
[Date "????.??.??"]
[Round "8.7"]
[White "Rapaire, Jean-Michel"]
[Black "Hahnewald, Uwe"]
[Result "1/2-1/2"]
[WhiteElo "1742"]
[BlackElo "1823"]
[PlyCount "43"]

1. e4 c6 2. e5 d5 3. exd6 exd6 4. d4 Nf6 5. Nf3 d5 6. Bd3 Bg4 7. O-O Be7 8. c3
Qc7 9. Bg5 O-O 10. Nbd2 Nbd7 11. Re1 Rfe8 12. Bh4 Bd6 13. Bg3 Rxe1+ 14. Qxe1
Re8 15. Qf1 Ne4 16. Bxd6 Qxd6 17. Re1 f5 18. h3 Bh5 19. Re3 Ndf6 20. Qe1 Nxd2
21. Rxe8+ Bxe8 22. Nxd2 1/2-1/2

[Event "Tournoi Skype 028A"]
[Site "Skype"]
[Date "????.??.??"]
[Round "8.8"]
[White "Teles, Jeferson Lisboa"]
[Black "Elias, Roberto"]
[Result "1-0"]
[WhiteElo "1599"]
[BlackElo "1782"]
[PlyCount "59"]

1. e4 c5 2. Nf3 Nc6 3. Bc4 e6 4. d4 d5 5. exd5 exd5 6. Bb3 c4 7. Ba4 Qa5+ 8. c3
b5 9. Bc2 Nf6 10. O-O Be7 11. Bg5 O-O 12. Re1 Bg4 13. h3 Bh5 14. Nbd2 b4 15.
Ba4 Ne4 16. Bxc6 Bxg5 17. Nxe4 dxe4 18. Bxe4 Rab8 19. g4 Bg6 20. Bxg6 hxg6 21.
Re5 Rb5 22. cxb4 Qxb4 23. Rxg5 Qxb2 24. Rxb5 Qxb5 25. Rb1 Qd5 26. a4 Rc8 27.
Rb5 Qe4 28. Rc5 Rxc5 29. dxc5 c3 30. Qd8+ 1-0

[Event "Tournoi Skype 028A"]
[Site "Skype"]
[Date "????.??.??"]
[Round "8.9"]
[White "Altinok, Selim"]
[Black "Lopez, Jose Luis"]
[Result "1-0"]
[WhiteElo "1536"]
[BlackElo "1757"]
[PlyCount "101"]

1. Nf3 Nf6 2. d4 d5 3. c4 c6 4. Nc3 e6 5. e3 Nbd7 6. a3 Bd6 7. Qc2 O-O 8. Bd3
dxc4 9. Bxc4 b5 10. Be2 Bb7 11. O-O a6 12. b4 a5 13. Rb1 axb4 14. axb4 Qe7 15.
Qb3 e5 16. Rd1 e4 17. Nd2 Nb6 18. Nf1 Nbd5 19. Nxd5 Nxd5 20. Bd2 Ra4 21. f3
Rfa8 22. fxe4 Qxe4 23. Bf3 Qe7 24. e4 Ra3 25. Qb2 Ra2 26. Qc1 Nb6 27. e5 Bc7
28. Bxc6 Bxc6 29. Qxc6 Qd7 30. Qxd7 Nxd7 31. Rbc1 Bb6 32. Be3 Re2 33. Re1 Raa2
34. Rxe2 Rxe2 35. Rc8+ Nf8 36. Rb8 Rxe3 37. Nxe3 Bxd4 38. Kf2 Bxe5 39. Rxb5 f6
40. Rb7 Ne6 41. Nc4 Bd4+ 42. Kg3 g5 43. b5 h5 44. b6 f5 45. Re7 h4+ 46. Kf3 g4+
47. Ke2 Nf4+ 48. Kf1 Nd5 49. Rd7 Ne3+ 50. Nxe3 Bxe3 51. b7 1-0

[Event "Tournoi Skype 028A"]
[Site "Skype"]
[Date "????.??.??"]
[Round "8.10"]
[White "Calcino, Luis"]
[Black "Rodriguez Gonzalez, Jaime Rafael"]
[Result "0-1"]
[WhiteElo "1706"]
[BlackElo "1473"]
[PlyCount "46"]

1. e4 d5 2. exd5 Qxd5 3. Nc3 Qa5 4. d4 c6 5. Nf3 Bg4 6. h3 Bf5 7. Bc4 Nf6 8.
Bd2 Qc7 9. Qe2 e6 10. Bg5 Be7 11. g4 Bg6 12. Ne5 Nbd7 13. Nxg6 hxg6 14. O-O-O
b5 15. Bb3 Nd5 16. Bxe7 Nxc3 17. bxc3 Kxe7 18. d5 cxd5 19. Bxd5 Rac8 20. Rd3
Nc5 21. Rf3 Rhd8 22. Be4 Qa5 23. Re1 Qa3+ 0-1

[Event "Tournoi Skype 028A"]
[Site "Skype"]
[Date "????.??.??"]
[Round "8.11"]
[White "Dal, Ibrahim"]
[Black "Yeter, Orhan"]
[Result "1-0"]
[WhiteElo "1626"]
[BlackElo "1245"]
[PlyCount "79"]

1. d4 d5 2. c4 e6 3. Nc3 c5 4. cxd5 cxd4 5. Qxd4 Nf6 6. Bg5 Be7 7. e4 exd5 8.
Bxf6 Bxf6 9. e5 Be7 10. Qxd5 O-O 11. Bd3 Qxd5 12. Nxd5 Bc5 13. Nc7 Nc6 14. Nxa8
Nxe5 15. Be4 Bd6 16. Nf3 Nxf3+ 17. Bxf3 Bf5 18. Bxb7 Bb4+ 19. Ke2 Re8+ 20. Kf3
g5 21. g4 Be6 22. a3 Bd6 23. Rad1 Bf4 24. h3 Rb8 25. Bc6 Rxb2 26. Rd8+ Kg7 27.
Rhd1 Rb3+ 28. R1d3 Rb1 29. Kg2 Bc4 30. Rd1 Rb3 31. a4 Ra3 32. Bb5 Bb3 33. R8d3
Bxd1 34. Rxa3 Bc2 35. Bc6 Bd6 36. Rc3 Bg6 37. Bb7 Be5 38. Rc8 f5 39. Nc7 fxg4
40. hxg4 1-0

[Event "Tournoi Skype 028A"]
[Site "Skype"]
[Date "????.??.??"]
[Round "8.12"]
[White "Meza, Rafael"]
[Black "Hilton, Stephen"]
[Result "1/2-1/2"]
[WhiteElo "1251"]
[BlackElo "1865"]
[PlyCount "98"]

1. c4 Nf6 2. Nf3 g6 3. Nc3 Bg7 4. e4 d6 5. d4 O-O 6. Be2 e5 7. O-O Nc6 8. d5
Ne7 9. Ne1 Nd7 10. f3 f5 11. Be3 f4 12. Bf2 g5 13. Nd3 Ng6 14. Nb5 a6 15. Na7
Nf6 16. Nxc8 Rxc8 17. Qb3 b6 18. Nb4 a5 19. Nc6 Qd7 20. Qc2 g4 21. fxg4 Nxg4
22. Bxg4 Qxg4 23. h3 Qg5 24. Kh2 Nh4 25. Be1 Bh6 26. Na7 Rce8 27. Nb5 Re7 28.
Qd2 Rg7 29. Bxh4 Qxh4 30. Rf3 Qg3+ 31. Kh1 Qh4 32. Na7 Kh8 33. Nc6 Rfg8 34. Rg1
Qh5 35. Qd1 Qf7 36. Rc3 Qd7 37. b3 Rg3 38. Rxg3 Rxg3 39. Kh2 Qg7 40. Qh5 Qf8
41. Qd1 Re3 42. Re1 f3 43. Rxe3 Qf4+ 44. Kh1 fxg2+ 45. Kxg2 Qxe3 46. Qg4 Qd2+
47. Kg3 Bf4+ 48. Kh4 Qe1+ 49. Kh5 Qg3 1/2-1/2